DONT SEND HIM IN TOMORROW (Record no. 216675)

MARC details
000 -LEADER
fixed length control field 00565nam a22001577a 4500
008 - FIXED-LENGTH DATA ELEMENTS--GENERAL INFORMATION
fixed length control field 260225b |||||||| |||| 00| 0 eng d
020 ## - INTERNATIONAL STANDARD BOOK NUMBER
International Standard Book Number 978-178135253-3
100 ## - MAIN ENTRY--PERSONAL NAME
Personal name O'BRIEN, JARLATH
245 ## - TITLE STATEMENT
Title DONT SEND HIM IN TOMORROW
Remainder of title SHINING A LIGHT ON THE MARGINALISED, DISENFRANCHISED AND FORGOTTEN CHILDREN OF TODAY'S SCHOOLS
260 ## - PUBLICATION, DISTRIBUTION, ETC.
Place of publication, distribution, etc. WALES
Name of publisher, distributor, etc. INDEPENDENT THINKING PRESS
Date of publication, distribution, etc. 2016
300 ## - PHYSICAL DESCRIPTION
Extent I, 179P.
500 ## - GENERAL NOTE
General note INCLUDES INDEX
650 ## - SUBJECT ADDED ENTRY
Topical term or geographic name entry element 1. CHILDREN WITH SOCIAL DISABILITIES- EDUCATION 2. INCLUSIVE EDUCATION
942 ## - ADDED ENTRY ELEMENTS (KOHA)
Source of classification or shelving scheme Library of Congress Classification
Koha item type Long Loan Book
Holdings
Withdrawn status Lost status Source of classification or shelving scheme Damaged status Not for loan Collection Home library Current library Shelving location Date acquired Inventory number Total checkouts Full call number Barcode Date last seen Copy number Price effective from Koha item type
    Library of Congress Classification     Arts & Social Sciences Kisii University Library Kisii University Library On Display 02/25/2026 111262   LC 4091 .O27 2016 A000951 02/25/2026 1 02/25/2026 Long Loan Book
    Library of Congress Classification     Arts & Social Sciences Kisii University Library Kisii University Library On Display 02/25/2026 111263   LC 4091 .O27 2016 A000952 02/25/2026 2 02/25/2026 Long Loan Book
    Library of Congress Classification     Arts & Social Sciences Kisii University Library Kisii University Library On Display 02/25/2026 111264   LC 4091 .O27 2016 A000950 02/25/2026 3 02/25/2026 Long Loan Book
    Library of Congress Classification     Arts & Social Sciences Kisii University Library Kisii University Library On Display 02/25/2026 111265   LC 4091 .O27 2016 A000949 02/25/2026 4 02/25/2026 Long Loan Book
    Library of Congress Classification     Arts & Social Sciences Kisii University Library Kisii University Library On Display 02/25/2026 111266   LC 4091 .O27 2016 A000948 02/25/2026 5 02/25/2026 Long Loan Book